| 000 | 00600nam a2200181 4500 | ||
|---|---|---|---|
| 001 | 123017 | ||
| 003 | ES-MaACL | ||
| 007 | t| | ||
| 008 | 070214s1984 sp r ||||0| spa d | ||
| 020 | _a3-468-96060-3 | ||
| 100 | 1 |
_aPuy-Costa, Mariano. _994442 |
|
| 245 | 1 | 0 |
_aDiccionario moderno Langenscheidt de los idiomas francés y español / _cMariano Puy-Costa. |
| 250 | _a12ª. ed. | ||
| 260 |
_aBerlin ; Madrid : _bLangenscheidt : Mangold, _c1984. |
||
| 300 |
_a1 v ; _c19 cm. |
||
| 505 | 8 | _aContiene: 1ª. parte Francés-Español. 2ª. parte Español-Francés | |
| 852 |
_aES-MaACL _jL-9349 _bR.110743 |
||
| 999 |
_c123017 _d123017 |
||